| 000 | 02289nam a22003734504500 | ||
|---|---|---|---|
| 003 | PE-LiUPU | ||
| 005 | 20260326144503.0 | ||
| 008 | 250301s2025 pe 000 0 spa d | ||
| 020 | _a9786123331474 | ||
| 035 | _aPE-LiUPU000008 | ||
| 040 |
_aPE-LiUPU _bspa _cPE-LiUPU _erda |
||
| 041 | 0 | _aspa | |
| 082 | 0 | 4 |
_a343.0526 _bH564g _220 |
| 100 | 1 |
_aHerrada Córdova, Marco Antonio, _eautor. _94847 |
|
| 245 | 1 | 0 |
_aGuía de casos prácticos para determinar y declarar el IR 2024 - personas naturales / _cMarco Antonio Herrada Córdova, Héctor Eduardo Véliz Lázaro. |
| 250 | _aPrimera edición. | ||
| 264 | 1 |
_aLima : _bGaceta Jurídica S.A., _c2025. |
|
| 300 |
_a143 páginas : _bilustraciones ; _c24 cm |
||
| 336 |
_atext _2rdacontent |
||
| 337 |
_aunmediated _2rdamedia |
||
| 338 |
_avolume _2rdacarrier |
||
| 490 | 0 | _aContadores & empresas | |
| 504 | _aIncluye referencias bibliográficas. | ||
| 505 | _aAspectos principales para la determinación de rentas -- Conceptos generales a considerar -- Rentas de capital -- Rentas de primera categoría -- Rentas de segunda categoría -- Rentas de trabajo -- Rentas de quinta categoría -- Deducción adicional de hasta 3 UIT -- Deducciones adicionales -- Rentas de fuente extranjera - aspectos para su determinación -- Esquema de determinación -- Decisión 578 -- Infracciones vinculadas a la DJ anual -- Infracción del numeral 1 del artículo 176 del Código Tributario -- Infracción del numeral 1 del artículo 178 del Código Tributario -- Cartas inductivas por rentas de trabajo -- Tecnologías de información aplicables -- Formulario virtual 709 mediante app Personas -- Plataforma de gastos deducibles para rentas de trabajo. | ||
| 520 | _aGuía práctica que desarrolla casos aplicados para la determinación y declaración del impuesto a la renta de personas naturales en el Perú, correspondiente al ejercicio 2024. | ||
| 650 | 1 | 4 |
_aImpuesto a la renta _zPerú. |
| 650 | 2 | 4 |
_aPersonas naturales _xImpuestos _zPerú _98291 |
| 650 | 2 | 4 |
_aDerecho tributario _zPerú _92824 |
| 700 |
_aVéliz Lázaro, Héctor Eduardo, _eautor. _94846 |
||
| 710 |
_aGaceta Jurídica S.A., _eeditor. _98289 |
||
| 830 | 0 | _aContadores & empresas. | |
| 942 |
_2ddc _cBK |
||
| 980 |
_618228 _aHF _818226 _gJaime Vilcazán Jefe de Análisis Documental |
||
| 999 |
_c63350 _d63349 |
||